Основи військового перекладу (Запис № 421292)

МАРК-запис
000 -Лідер
fixed length control field 00834nam a22002417a 4500
003 - Ідентифікатор контрольного номера
control field UA-OsUOA
001 - Контрольний номер
control field 132747
007 - Фіксоване поле фізичного опису
fixed length control field ta
008 - Елементи даних фіксованої довжини – загальна інформація
fixed length control field 20180905b un ||||| |||| 00| 0 ukr d
090 ## - Локальний шифр розміщення
Класифікаційний індекс УДК 811.162.1'25
Авторський знак (НП) О-58
040 ## - Джерело каталогізації
Агенція оригінальної каталогізації UA-OsUOA
Мова каталогізації ukr
Агенція, яка здійснювала перезапис UA-OsUOA
Агенція, яка здійснювала модифікацію UA-OsUOA
041 ## - Код мови
Код мови тексту/ звукової доріжки чи окремого заголовка (П) ukr
080 ## - Індекс Універсальної десяткової класифікації
Індекс Універсальної десяткової класифікації (УДК) (НП) 811.162.1'25
020 ## - Міжнародний стандартний книжковий номер (ISBN)
Міжнародний стандартний книжковий номер (ISBN) (НП) 978-966-436-625-4
100 ## - Основне введення – ім’я особи
Ім’я особи (НП) Онищук М. І.
245 ## - Відомості про назву
Назва (НП) Основи військового перекладу
Решта назви (НП) навчальний посібник
Дані про відповідальність (НП) заг. ред. В. В. Балабіна
Номер частини/ розділу роботи (П) Польська мова
260 ## - Публікація, розповсюдження і т.п. (Вихідні дані)
Місце публікації, розповсюдження і т.п. (П) К.
Ім’я/ наймення видавництва, розповсюджувача і т.п. (П) Київський університет
Дата публікації, розповсюдження і т.п. (П) 2013
300 ## - Фізичний опис
Обсяг 351 с.
650 #7 - Додаткове предметне введення – тематичний термін
Тематичний термін чи географічна назва, як елемент введення (НП) 8 Мовознавство. Художня література. Літературознавство
Джерело заголовка чи терміна UDC
942 ## - Додаткові елементи входу (Коха)
Тип елемента Koha Книги
955 ## - Код типу видання за змістом
Код типу видання за змістом (НП) Навчальні видання
Фонди
Стан вилучень Стан втрат Джерело класифікації або схеми стелажів Стан уражень Не для кредиту Постійне місце розташування Поточне розміщення Дата придбання Джерело придбання Вартість, звичайна ціна покупки Інвентарний номер Усього замовленно Повний номер виклику Штрих-код Дата останнього перегляду Ціна ефективна від Тип елемента Koha
    Universal Decimal Classification     АБ - Абонемент НБ АБ - Абонемент НБ 25/09/2018 41/2018 24.00 159871   811.162.1'25 О-58 159871 11/01/2022 05/09/2018 Книги
    Universal Decimal Classification     ЧЗ - Читальна зала ЧЗ - Читальна зала 05/09/2018 34/2018 24.00 159711   811.162.1'25 О-58 159711 15/11/2021 05/09/2018 Книги